Регионална библиотека "Любен Каравелов" - Русе

Deutsche Literaturgeschichte des 19. Jahrhunderts (Запис номер 343933)

MARC детайли
000 -Лидер
Контролно поле с фиксирана дължина 01036nam a2200325 c 4500
003 - Код на организацията, давaща контролен номер
Контролно поле BLK
005 - Дата и час на последна редакция
Контролно поле 20240316005344.0
008 - Елементи от данни с фиксирана дължина
fixed length control field 180911b bul|||||r ||||||| ||bul||
010 ## - Наследен системен номер
LC control number 003594
040 ## - Източник на каталожния запис
Идентификатор на билиотеката - собственик на записа BLK
041 ## - Код за език
Код за езика на текст/звукозапис или на отделно заглавие Немски
Код за езика КДБФ Български
080 ## - УДК
Текстов определител УДК Сборник
УДК определител 92
УДК - код + определител 830.09830(092)92
100 1# - Редна дума - Автор
Автор WEITBRECHT, Carl
Авторска отговорност първи автор
R(LIN) 397016
245 00 - Сведения за заглавието
Заглавие Deutsche Literaturgeschichte des 19. Jahrhunderts
Том T. 2
246 ## - Различни форми на заглавието
Паралелно заглавие T. 2-
260 ## - Област на издателските данни
Място на издаване, разпространение и проч. Leipzig
Име на издателя, разпространителя и проч. G. J. Goschen
Година на издаване 1901 -
Дата на отпечатване 19011901
300 ## - Физическа характеристика
Страници 144 с
Размери/Мащаб 15 см
380 ## - Жанр
Жанр Литературознание
490 ## - СЕРИИ (Колекции)
Име на серия Samml. Goschen
490 ## - СЕРИИ (Колекции)
Име на серия Частна колекция - Академик Михаил Арнаудов
Бележки за серията Дарение - Основен фонд
650 #4 - Допълнително описание по предмет – тема
Основно описание – тема или топоним Биографии
9 (RLIN) 148657
650 #0 - Допълнително описание по предмет – тема
Основно описание – тема или топоним Сборници
9 (RLIN) 396392
655 ## - Ключова дума – жанр/разновидност
Данни за жанр/разновидност или ключова дума за фокус Литературознание
700 1# - Други автори (авторска отговорност)
Лично име Carl Weitbrecht
9 (RLIN) 397542
852 ## - Местоположение
Форматна сигнатура МА 849
999 ## - СИСТЕМНИ КОНТРОЛНИ НОМЕРА
Koha biblionumber 343933
Koha biblioitemnumber 343933
942 ## - АРТИКУЛИ
Вид на библиотечния материал Книги
Скрит в OPAC Не
Периодичен библиозапис Да
944 ## - СЪЗДАВАНЕ И РЕДАКЦИЯ на ЗАПИСА
Създаване/Редакция Създаване
Дата на регистрацията/редакция 1996
Служител, извършил регистрацията/редакцията
Статус, дата на статуса CRON CRON
999 ## - СИСТЕМНИ КОНТРОЛНИ НОМЕРА
Koha biblioitemnumber 343933
999 ## - СИСТЕМНИ КОНТРОЛНИ НОМЕРА
Koha biblioitemnumber 343933
Наличности
Код за отписване Код за изгубен артикул Източник на класификационната схема Код за повреда Коз за рестрикции Код за отдаване Артикулен № Име на библиотеката - собственик Име на библиотеката, в която се намира в момента Статус (Текущо местоположение) Местоположение - отдел Цена в лева Номерация (Хронология) Инвентарен номер Систематично азбучна сигнатура Баркод Номер на екземпляра Цена в евро Служебен тип на артикула
  Не е изгубен Universal Decimal Classification Не е повреден без рестрикции Специални фондове ( старопечатни, редки и ценни, фонд М. Арнаудов) 744276 Регионална библиотека "Любен Каравелов" Русе Регионална библиотека "Любен Каравелов" Русе Фонд "Михаил Арнаудов" Фонд "Михаил Арнаудов" 20.00   588098 МА 849 120000588098 1 10.23 Книги
Vip Innovations Ltd, Rousse, Bulgaria 2025